000 00514nam a2200193Ia 4500
008 151119s9999||||xx |||||||||||||| ||und||
082 _a891.463
082 _bGKKV2607
100 _aमंगेशकर गीता
245 _aमधुचंद्र
260 _a--
260 _b--
260 _c0
600 _aमंगेशकर गीता
630 _aमधुचंद्र
700 _aमंगेशकर गीता
730 _aमधुचंद्र
942 _cBOOK
999 _c1058512
_d1058509